00721nam a2200241 a 4500001001300000003000900013005001700022008004100039020001000080082001600090100001700106245008100123260004900204300000900253500003500262505001000297650000900307700001700316902000800333942000700341952011600348999001500464nice12345678IN_TiNIC20260116012104.0050524s1969 losa grp 000 0 eng  ac45600a955.04bALG aAlgar, Hamid aReligion and State in Iran 1785-1906b Role of the Ulama in the Qajar Period aLos Angeles bUniversity of Californiac1969 a286p aincludes index and biblioraphy2 aIndex aIran1 aAlgar, Hamid bSRS cBK 001040708StackRoom-aHMIbHMId2008-05-28g456.00l0o955.04 ALGp07489r2008-05-28v456.00w2005-05-24yBK c5594d5594